[Event "Santo Domingo Duarte Memorial 7th"]
[Site "Santo Domingo"]
[Date "2018.01.12"]
[Round "1"]
[White "Bello Herrera, Darwin Smith"]
[Black "Polanco Nunez, Yoel Estarling"]
[Result "0-1"]
[WhiteElo "1790"]
[BlackElo "2182"]
[PlyCount "54"]
[EventDate "2018.01.12"]
[EventType "swiss"]
[EventRounds "8"]
[EventCountry "DOM"]
[SourceTitle "CBM 182 Extra"]
[Source "ChessBase"]
[SourceDate "2018.02.23"]
[SourceVersion "1"]
[SourceVersionDate "2018.02.23"]
[SourceQuality "1"]

1. e4 c5 2. Nf3 g6 3. d4 cxd4 4. Nxd4 Bg7 5. c3 Nf6 6. Bd3 0-0 7. 0-0 Nc6 8. Be3 d5 9. Nxc6 bxc6 10. exd5 cxd5 11. Nd2 Qd6 12. Nb3 Ng4 13. g3 Nxe3 14. fxe3 Qb6 15. Qe2 e5 16. Qf2 e4 17. Be2 Bh6 18. Nd4 Qxb2 19. Nc6 Be6 20. Rfc1 Qd2 21. Ne7+ Kh8 22. Qf6+ Bg7 23. Qf2 Rfe8 24. Rd1 Qxc3 25. Rac1 Qa3 26. Nxd5 Bxd5 27. Rxd5 Qxc1+ 0-1